000 01141nam0a22002771 4500
001 rc\305107
005 20250621030719.0
035 _a(NLR Aleph) 005540692
090 _a5707115
_c5707115
100 _a20030307d1990 |||y0rusy50 ca
101 0 _arus
102 _aRU
105 _ay |||||||||
200 1 _aСОСТОЯНИЕ и тенденции развития свиноводства за рубежом
_fСост. А.Г. Крикливый
210 _aКишинев
_cМолдНИИНТИ
_d1990
215 _a10 с.
_d20
225 1 _aЭкспресс-информация
_fГос. план. ком. МССР, Молд. НИИ НТИ и техн.-экон. исслед. МИНТИ
300 _aБез. тит. л. и обл.
320 _aБиблиогр.: с. 9-10
702 1 _aКрикливый
_bА.Г.
_gАнатолий Георгиевич
_4220
712 0 2 _aМолдавский НИИ науч.-техн. информации и техн.-экон. исследований
_cКишинев
801 0 _aRU
_bNLR
_gpsbo
801 1 _aRU
_bELAR
_2rusmarc
852 _aNLR
_j90-4/15454
942 _cBOOK
980 _aNB